¿Qué variables se analizan en las PyMES a la hora de decidir? (Registro nro. 12443)
[ vista simple ]
| 000 -LEADER | |
|---|---|
| fixed length control field | 00388 a2200133 4500 |
| 001 - CONTROL NUMBER | |
| control field | ART_48481 |
| 005 - DATE AND TIME OF LATEST TRANSACTION | |
| control field | 20260410161631.0 |
| 008 - FIXED-LENGTH DATA ELEMENTS--GENERAL INFORMATION | |
| fixed length control field | 260409a |
| 100 1# - MAIN ENTRY--PERSONAL NAME | |
| Personal name | Bonatti, Patricia |
| 245 10 - TITLE STATEMENT | |
| Title | ¿Qué variables se analizan en las PyMES a la hora de decidir? |
| 700 1# - ADDED ENTRY--PERSONAL NAME | |
| Personal name | Dias, Andrea |
| 700 1# - ADDED ENTRY--PERSONAL NAME | |
| Personal name | Santucci, Marina |
| 773 0# - HOST ITEM ENTRY | |
| Title | Enfoques |
| Related parts | - N°1 (ene. 2019) |
| Record control number | REV416 |
No hay ítems disponibles.